|
|
|
|
| LEADER |
00846nab a2200241 i 4500 |
| 001 |
misc61687 |
| 005 |
20230118152510.0 |
| 008 |
220505s1965 hu o 0|| fre d |
| 022 |
|
|
|a 0001-6446
|
| 040 |
|
|
|a SZTE Miscellanea Repozitórium
|b hun
|
| 041 |
|
|
|a fre
|
| 041 |
|
|
|a mon
|
| 100 |
1 |
|
|a Kara György
|
| 245 |
1 |
3 |
|a Le dictionnaire étymologique et la langue mongole
|h [elektronikus dokumentum] /
|c Kara György
|
| 260 |
|
|
|c 1965
|
| 300 |
|
|
|a 32 p.
|c 24 cm
|
| 490 |
0 |
|
|a Acta Orientalia Academiae Scientiarum Hungaricae;Acta Orientalia Academiae Scientiarum Hungaricae
|
| 561 |
|
|
|a Németh Gyula hagyaték
|
| 591 |
|
|
|a LOA 1766; NOA 2650
|
| 650 |
|
4 |
|a Bölcsészettudományok
|
| 650 |
|
4 |
|a Nyelvek és irodalom
|
| 695 |
|
|
|a Mongol nyelv - szókészlettan
|
| 856 |
4 |
0 |
|u http://misc.bibl.u-szeged.hu/61687/1/2650_noa_k16.pdf
|z Dokumentum-elérés
|